| 000 | 00609nam a2200205Ia 4500 | ||
|---|---|---|---|
| 003 | GCL | ||
| 008 | 140319s9999 xx 000 0 ara d | ||
| 040 |
_aGCL / _cGCL |
||
| 082 | 0 | 4 |
_a613.250 _bن ك |
| 100 | 1 | _aنوال السعداوى | |
| 245 | 1 | 0 |
_aكيف تنقص وزنك بغير عناء / _cنوال السعداوى |
| 260 |
_a[S.N] : _bدار المعارف ، _c1986 |
||
| 300 | _a189 ص | ||
| 490 |
_aسلسلة اضواء على حياتك _v0 |
||
| 650 | 0 | 4 | _aالصحة العامة |
| 650 | 0 | 4 | _aالتغذية |
| 650 | 0 | 4 | _aالرجيم |
| 650 | 0 | 4 | _aالتخسيس |
| 942 |
_2ddc _cBK |
||
| 999 |
_c35997 _d35997 |
||